[Event "C.to Provinciale CO"]
[Site "San Fermo della Battaglia ITA"]
[Date "2003.03.29"]
[Round "1"]
[White "Alessandro, Sergio"]
[Black "Bernasconi, Roberto"]
[Result "0-1"]
[WhiteElo "1467"]
[BlackElo "1753"]
[PlyCount "52"]
[EventDate "2003.03.29"]

1. d4 Nf6 2. Nf3 g6 3. g3 Bg7 4. Bg2 O-O 5. O-O d6 6. Nbd2 Nbd7 7. b3 c5 8. Bb2
Rb8 9. e4 cxd4 10. Bxd4 a6 11. c4 Nc5 12. Re1 Ne6 13. Bb2 Qb6 14. h3 Nxe4 15.
Bd4 Nxd4 16. Nxd4 Nxf2 17. c5 Nxd1 18. cxb6 Bxd4+ 19. Kh2 Bxa1 20. Rxd1 Bd4 21.
Nc4 Bc5 22. a3 Be6 23. b4 Bxb4 24. Ne3 Bc5 25. Nd5 Bxd5 26. Rxd5 Bxb6 0-1

[Event "C.to Provinciale CO"]
[Site "San Fermo della Battaglia ITA"]
[Date "2003.03.29"]
[Round "1"]
[White "Bellotto, Stefano"]
[Black "Lanza, Francesco Paolo"]
[Result "0-1"]
[WhiteElo "1740"]
[BlackElo "1465"]
[PlyCount "94"]
[EventDate "2003.03.29"]

1. e4 c5 2. Nf3 Nc6 3. d3 e6 4. g3 d6 5. Bg2 Nf6 6. O-O Be7 7. Re1 O-O 8. c3
Qc7 9. Nbd2 b5 10. Nf1 Bb7 11. a3 a5 12. d4 cxd4 13. cxd4 d5 14. Bf4 Qd8 15. e5
Nd7 16. h4 f6 17. exf6 Rxf6 18. Ng5 Nf8 19. Bh3 Bc8 20. Rc1 Qb6 21. Ne3 Ng6 22.
Qh5 h6 23. Nxe6 Bxe6 24. Bxe6+ Rxe6 25. Qxd5 Nf8 26. Ng4 Rd8 27. Qa2 Nxd4 28.
Be3 Kh8 29. Red1 Ne2+ 30. Kf1 Nxc1 31. Rxc1 Qd6 32. Kg1 Bf6 33. Bc5 Qd7 34. b4
axb4 35. axb4 Rde8 36. Qb3 Re1+ 37. Rxe1 Rxe1+ 38. Kh2 Qxg4 39. Bxf8 Qe4 40. f3
Qe5 41. Qd3 Bxh4 42. f4 Re2+ 43. Kh3 Qe6+ 44. f5 Qe8 45. Qf3 Bxg3 46. Bxg7+ Kh7
47. Bd4 Be1 0-1

[Event "C.to Provinciale CO"]
[Site "San Fermo della Battaglia ITA"]
[Date "2003.03.29"]
[Round "1"]
[White "Buccoliero, Alessandro"]
[Black "Laricini, Alberto"]
[Result "1-0"]
[WhiteElo "1879"]
[BlackElo "1510"]
[PlyCount "85"]
[EventDate "2003.03.29"]

1. c4 e5 2. Nc3 Nf6 3. e4 Nc6 4. g3 d6 5. Bg2 Be7 6. Nge2 O-O 7. O-O Be6 8. d3
Qd7 9. f4 exf4 10. Nxf4 Bg4 11. Qb3 Rab8 12. Be3 b6 13. Ncd5 Nxd5 14. Nxd5 Ne5
15. d4 Ng6 16. Bd2 Qd8 17. h3 Bd7 18. Qf3 c6 19. Ne3 Qc8 20. h4 Bf6 21. h5 Ne7
22. Bc3 c5 23. dxc5 Bxc3 24. cxd6 Nc6 25. bxc3 Ne5 26. Qf4 Qc5 27. Kh1 Nxc4 28.
Nd5 Qxd6 29. Qg5 f6 30. Qh4 Ne5 31. Qf4 Qe6 32. Ne3 Qf7 33. g4 Rbc8 34. Nd5
Bxg4 35. h6 Be6 36. hxg7 Qh5+ 37. Kg1 Ng4 38. gxf8=Q+ Rxf8 39. Bf3 Qh3 40. Bxg4
Bxg4 41. Rf2 Kh8 42. Rh2 Rg8 43. Qxf6+ 1-0

[Event "C.to Provinciale CO"]
[Site "San Fermo della Battaglia ITA"]
[Date "2003.03.29"]
[Round "1"]
[White "Daffra, Marco"]
[Black "Napoli, Ferdinando"]
[Result "0-1"]
[WhiteElo "1374"]
[BlackElo "1678"]
[PlyCount "58"]
[EventDate "2003.03.29"]

1. d4 Nf6 2. e3 d6 3. f4 g6 4. Nf3 Bg7 5. Bd3 O-O 6. O-O Re8 7. c4 e5 8. fxe5
dxe5 9. Nxe5 c5 10. Be2 Nbd7 11. Nd3 Ne4 12. Nd2 cxd4 13. Nxe4 Rxe4 14. Nf2 Re8
15. exd4 Qb6 16. c5 Qb4 17. Rb1 Bxd4 18. a3 Qxc5 19. b4 Qe5 20. Bf3 Nb6 21. Bh6
Bf5 22. Bxb7 Rad8 23. Qb3 Bxb1 24. Qxb1 Nd5 25. Bxd5 Qxd5 26. g3 Qf3 27. Qc1
Re2 28. Qf4 Bxf2+ 29. Rxf2 Rd1+ 0-1

[Event "C.to Provinciale CO"]
[Site "San Fermo della Battaglia ITA"]
[Date "2003.03.29"]
[Round "1"]
[White "Gagliardi, Christian"]
[Black "Corti, Filippo"]
[Result "1-0"]
[WhiteElo "2138"]
[BlackElo "1552"]
[PlyCount "77"]
[EventDate "2003.03.29"]

1. e4 c6 2. Nf3 d5 3. Nc3 Bg4 4. h3 Bxf3 5. Qxf3 Nf6 6. d3 e6 7. g3 Be7 8. Bg2
dxe4 9. dxe4 Nbd7 10. Be3 Qc7 11. O-O O-O 12. Qe2 Bc5 13. Bf4 e5 14. Bg5 Rad8
15. Rad1 Bd4 16. Qc4 a6 17. Nd5 Qb8 18. Ne7+ Kh8 19. c3 Bb6 20. Nf5 h6 21. Bc1
Bc7 22. b3 c5 23. Qe2 Rfe8 24. h4 Nf8 25. g4 Ne6 26. g5 Ng8 27. gxh6 g6 28. Ne3
Nf4 29. Qf3 Nxh6 30. Nd5 Ng8 31. h5 gxh5 32. Nxf4 exf4 33. Qxh5+ Kg7 34. Qg5+
Kf8 35. Qxc5+ Bd6 36. Rxd6 Qxd6 37. Qxd6+ Rxd6 38. Ba3 Ree6 39. Rd1 1-0

[Event "C.to Provinciale CO"]
[Site "San Fermo della Battaglia ITA"]
[Date "2003.03.29"]
[Round "1"]
[White "Grassetto, Gilberto"]
[Black "Guerrini, Donato"]
[Result "1/2-1/2"]
[WhiteElo "1534"]
[BlackElo "2035"]
[PlyCount "111"]
[EventDate "2003.03.29"]

1. d4 Nf6 2. c4 c5 3. d5 b5 4. cxb5 a6 5. e3 g6 6. Nc3 d6 7. Nf3 Bg7 8. Be2 O-O
9. O-O Nbd7 10. Qc2 Ng4 11. b3 Bb7 12. e4 axb5 13. Bxb5 Nde5 14. Nxe5 Nxe5 15.
Bb2 Qc7 16. h3 c4 17. Ne2 Rfc8 18. bxc4 Nxc4 19. Bxg7 Kxg7 20. Rfc1 Ba6 21.
Bxa6 Rxa6 22. Nd4 Kg8 23. a4 Ra5 24. Nb3 Ra7 25. Nd4 Na5 26. Qxc7 Raxc7 27.
Rxc7 Rxc7 28. f3 Rc4 29. Ne2 Rc2 30. Kf1 Kf8 31. Ke1 Ke8 32. g4 Kd7 33. h4 e6
34. dxe6+ fxe6 35. Ra3 d5 36. exd5 exd5 37. Rd3 Rc5 38. Nc3 Kc6 39. Ke2 Nc4 40.
Nb5 Ne5 41. Rc3 Nc4 42. Kd3 Nb2+ 43. Kd4 Nxa4 44. Rxc5+ Nxc5 45. Nc3 Nb3+ 46.
Ke5 d4 47. Nd5 Nd2 48. Nb4+ Kb5 49. f4 Kxb4 50. Kxd4 Nf3+ 51. Ke4 Nxh4 52. f5
gxf5+ 53. gxf5 Kc5 54. Ke5 Nf3+ 55. Kf4 Nh4 56. Kg5 1/2-1/2

[Event "C.to Provinciale CO"]
[Site "San Fermo della Battaglia ITA"]
[Date "2003.03.29"]
[Round "1"]
[White "Orsenigo, Davide"]
[Black "Di Paola, Antonio"]
[Result "1-0"]
[WhiteElo "1726"]
[BlackElo "1377"]
[PlyCount "57"]
[EventDate "2003.03.29"]

1. e4 c6 2. d4 d5 3. e5 Bf5 4. h4 e6 5. g4 Be4 6. f3 Bg6 7. h5 Ne7 8. hxg6 Nxg6
9. Bd3 Be7 10. Be3 Bh4+ 11. Bf2 Bg5 12. Nh3 Bh6 13. Nd2 Nd7 14. Bg3 f6 15.
Bxg6+ hxg6 16. Nf4 Qa5 17. c3 Nf8 18. Nb3 Qc7 19. Nd3 O-O-O 20. Kf2 Qf7 21.
Nbc5 Nh7 22. Qa4 a6 23. exf6 Qxf6 24. Nxb7 Kd7 25. Ne5+ Ke7 26. Nxc6+ Kf7 27.
Ncxd8+ Rxd8 28. Nxd8+ Qxd8 29. Qxa6 1-0

[Event "C.to Provinciale CO"]
[Site "San Fermo della Battaglia ITA"]
[Date "2003.03.29"]
[Round "1"]
[White "Petetta, Roberto"]
[Black "Bonetti, Marco"]
[Result "0-1"]
[WhiteElo "1603"]
[BlackElo "2152"]
[PlyCount "48"]
[EventDate "2003.03.29"]

1. e4 d6 2. d4 g6 3. Nf3 Bg7 4. Bd3 Nd7 5. O-O e6 6. Bg5 Ne7 7. Nbd2 h6 8. Bh4
b6 9. c3 Bb7 10. Qc2 g5 11. Bg3 Ng6 12. h3 h5 13. e5 Nf4 14. Bxf4 gxf4 15. exd6
cxd6 16. Rae1 Kf8 17. g3 Bh6 18. Ne4 Rg8 19. Kh2 f5 20. Ned2 Qf6 21. Nc4 Bxf3
22. Nxd6 h4 23. Rg1 hxg3+ 24. fxg3 fxg3+ 0-1

[Event "C.to Provinciale CO"]
[Site "San Fermo della Battaglia ITA"]
[Date "2003.03.29"]
[Round "1"]
[White "Rossi, Giampiero"]
[Black "Lancianese, Giuseppe"]
[Result "1-0"]
[WhiteElo "2056"]
[BlackElo "1546"]
[PlyCount "39"]
[EventDate "2003.03.29"]

1. d4 f5 2. Bg5 Nf6 3. Bxf6 exf6 4. e3 g6 5. Bd3 b6 6. Ne2 Ba6 7. c3 Bxd3 8.
Qxd3 d5 9. Nd2 c6 10. g3 Bh6 11. O-O O-O 12. c4 Rf7 13. cxd5 Qxd5 14. Rfc1 Rc7
15. Qb3 Qxb3 16. axb3 Nd7 17. Rc2 Rac8 18. Rac1 g5 19. Nc3 Bf8 20. Nd5 1-0

[Event "C.to Provinciale CO"]
[Site "San Fermo della Battaglia ITA"]
[Date "2003.03.30"]
[Round "2"]
[White "Bernasconi, Roberto"]
[Black "Gagliardi, Christian"]
[Result "0-1"]
[WhiteElo "1753"]
[BlackElo "2138"]
[PlyCount "40"]
[EventDate "2003.03.29"]

1. e4 g6 2. d4 Bg7 3. Nf3 d6 4. Nc3 a6 5. Be2 b5 6. a3 Nd7 7. O-O Bb7 8. Re1 e6
9. e5 dxe5 10. dxe5 Ne7 11. Bg5 h6 12. Bf4 g5 13. Bxg5 hxg5 14. Nxg5 Ng6 15.
Nxe6 fxe6 16. Bh5 Qg5 17. Bf3 Bxf3 18. Qxf3 Ke7 19. Qc6 Ndxe5 20. Qe4 Qh5 0-1

[Event "C.to Provinciale CO"]
[Site "San Fermo della Battaglia ITA"]
[Date "2003.03.30"]
[Round "2"]
[White "Bonetti, Marco"]
[Black "Orsenigo, Davide"]
[Result "0-1"]
[WhiteElo "2152"]
[BlackElo "1726"]
[PlyCount "60"]
[EventDate "2003.03.29"]

1. e4 c5 2. Nf3 Nf6 3. Nc3 d5 4. e5 Nfd7 5. d4 e6 6. Be2 Nc6 7. O-O cxd4 8.
Nxd4 Ndxe5 9. Bf4 Ng6 10. Bg3 Bd6 11. Bb5 Qc7 12. Bxc6+ bxc6 13. Ncb5 cxb5 14.
Nxb5 Bxg3 15. Nxc7+ Bxc7 16. c4 O-O 17. c5 Ba6 18. Re1 Be5 19. Rb1 Bf6 20. Qd2
Rfc8 21. b4 Bc4 22. a4 Rab8 23. g3 a6 24. f4 Ne7 25. g4 g6 26. Rec1 Nc6 27.
Rxc4 dxc4 28. b5 axb5 29. axb5 Nd4 30. Qa5 Rxc5 0-1

[Event "C.to Provinciale CO"]
[Site "San Fermo della Battaglia ITA"]
[Date "2003.03.30"]
[Round "2"]
[White "Buonocore, Elio"]
[Black "Parenti, Davide"]
[Result "1-0"]
[WhiteElo "2121"]
[BlackElo "1660"]
[PlyCount "69"]
[EventDate "2003.03.29"]

1. e4 e5 2. Nf3 Nc6 3. d4 exd4 4. Nxd4 Nf6 5. Nxc6 bxc6 6. e5 Qe7 7. Qe2 Nd5 8.
c4 Nb6 9. Nc3 Bb7 10. a4 a5 11. b3 Qe6 12. Bb2 Bb4 13. O-O-O O-O-O 14. f4 d5
15. exd6 cxd6 16. Qxe6+ fxe6 17. Be2 Kc7 18. Bg4 Rhe8 19. g3 d5 20. Bxe6 dxc4
21. Ne4 c3 22. Bxc3 Bxc3 23. Nxc3 h5 24. Rhe1 Rxd1+ 25. Kxd1 Rd8+ 26. Kc2 Ba6
27. Bf5 Nd5 28. Nxd5+ Rxd5 29. Re5 Kd6 30. Re6+ Kc5 31. Be4 Rd6 32. Re7 Be2 33.
Kc3 g6 34. Re5+ Kb6 35. Bxg6 1-0

[Event "C.to Provinciale CO"]
[Site "San Fermo della Battaglia ITA"]
[Date "2003.03.30"]
[Round "2"]
[White "Corti, Filippo"]
[Black "Alessandro, Sergio"]
[Result "1-0"]
[WhiteElo "1552"]
[BlackElo "1467"]
[PlyCount "131"]
[EventDate "2003.03.29"]

1. Nf3 d5 2. g3 c5 3. Bg2 Nc6 4. d3 e5 5. O-O h6 6. Nbd2 Nf6 7. e4 Be6 8. c3
dxe4 9. dxe4 Qd3 10. Re1 Rd8 11. Bf1 Qd7 12. Qc2 Be7 13. Nc4 Qc7 14. Ne3 O-O
15. Nf5 Bxf5 16. exf5 a6 17. a4 e4 18. Nd2 Ne5 19. Kg2 Nd3 20. Rxe4 Nxe4 21.
Bxd3 Nxd2 22. Bxd2 Qd6 23. Re1 Qxd3 24. Qxd3 Rxd3 25. Bxh6 gxh6 26. Rxe7 b6 27.
Rb7 Rd6 28. Kf3 Rfd8 29. Kf4 R8d7 30. Rb8+ Kg7 31. g4 f6 32. h4 Re7 33. g5
fxg5+ 34. hxg5 hxg5+ 35. Kxg5 Rf7 36. b4 cxb4 37. cxb4 Rdf6 38. Kg4 Rd7 39. Kg5
Rdf7 40. Kg4 Rxf5 41. Rxb6 R7f6 42. Rb7+ Kg6 43. f3 Rf4+ 44. Kg3 Rxb4 45. Rxb4
Rc6 46. Kg4 Kf6 47. f4 Ke6 48. a5 Kd7 49. Rb6 Rxb6 50. axb6 a5 51. b7 Kc7 52.
b8=Q+ Kxb8 53. f5 a4 54. f6 a3 55. f7 Kb7 56. f8=Q a2 57. Qa3 a1=Q 58. Qxa1 Kc6
59. Qa5 Kd6 60. Kf4 Kc6 61. Ke5 Kb7 62. Kd6 Kb8 63. Qb6+ Ka8 64. Qb5 Ka7 65.
Kc7 Ka8 66. Qb7# 1-0

[Event "C.to Provinciale CO"]
[Site "San Fermo della Battaglia ITA"]
[Date "2003.03.30"]
[Round "2"]
[White "Di Paola, Antonio"]
[Black "Petetta, Roberto"]
[Result "0-1"]
[WhiteElo "1377"]
[BlackElo "1603"]
[PlyCount "114"]
[EventDate "2003.03.29"]

1. d4 d6 2. c4 g6 3. Nc3 Bg7 4. e4 Nf6 5. Nf3 O-O 6. Be2 b6 7. O-O Bb7 8. d5
Nbd7 9. Ne1 Nc5 10. f3 Rc8 11. Nd3 Ncd7 12. Be3 c6 13. Qd2 Re8 14. Rfc1 e6 15.
Nb4 exd5 16. cxd5 cxd5 17. Nbxd5 Nxd5 18. Nxd5 Bxd5 19. Rxc8 Qxc8 20. Rc1 Bc6
21. Qxd6 Re6 22. Qa3 Qa8 23. Bc4 Re8 24. Qb3 Ne5 25. Be2 Bd7 26. Qc2 Rc8 27.
Qd2 Rxc1+ 28. Qxc1 Qc6 29. Qd2 Qe6 30. b3 Bf8 31. Kh1 Qd6 32. Qc2 Be6 33. Bc1
Nc6 34. Bb2 Qc5 35. Qd2 Bg7 36. Bc1 Qd4 37. Qe1 Nb4 38. Qg3 Qe5 39. Qe1 Nxa2
40. Ba3 Qa1 41. Qxa1 Bxa1 42. Bc4 Bxc4 43. bxc4 Bd4 44. g4 Nc3 45. Kg2 Na4 46.
Kf1 Nb2 47. Bxb2 Bxb2 48. Ke2 a5 49. Kd3 a4 50. Kc2 a3 51. Kb3 Kf8 52. f4 Ke7
53. h3 h5 54. Ka2 Kd6 55. Kb3 Kc5 56. f5 Kd4 57. gxh5 gxh5 0-1

[Event "C.to Provinciale CO"]
[Site "San Fermo della Battaglia ITA"]
[Date "2003.03.30"]
[Round "2"]
[White "Guerrini, Donato"]
[Black "Bellotto, Stefano"]
[Result "1/2-1/2"]
[WhiteElo "2035"]
[BlackElo "1740"]
[PlyCount "61"]
[EventDate "2003.03.29"]

1. Nf3 Nf6 2. b4 g6 3. Bb2 Bg7 4. g3 O-O 5. Bg2 d6 6. O-O Re8 7. d3 e5 8. Nbd2
c6 9. c4 Nbd7 10. a4 a5 11. b5 d5 12. cxd5 cxd5 13. e4 d4 14. Nc4 Qc7 15. Rc1
Qb8 16. h3 b6 17. Nfxe5 Nxe5 18. Nxe5 Qxe5 19. f4 Qb8 20. e5 Nh5 21. Bxa8 Qxa8
22. Kh2 Qd5 23. Rf2 Bb7 24. Rc4 Rxe5 25. Rxd4 Re1 26. Qxe1 Bxd4 27. Ba3 Bxf2
28. Qe8+ Kg7 29. Bf8+ Kf6 30. Qe7+ Kf5 31. Qg5+ 1/2-1/2

[Event "C.to Provinciale CO"]
[Site "San Fermo della Battaglia ITA"]
[Date "2003.03.30"]
[Round "2"]
[White "Lanza, Francesco Paolo"]
[Black "Grassetto, Gilberto"]
[Result "0-1"]
[WhiteElo "1465"]
[BlackElo "1534"]
[PlyCount "70"]
[EventDate "2003.03.29"]

1. e4 c5 2. Nf3 d6 3. d4 cxd4 4. Nxd4 Nf6 5. Nc3 a6 6. Bc4 e6 7. O-O Qc7 8. Bb3
Be7 9. f3 O-O 10. Nce2 b5 11. c3 Bb7 12. a4 Nbd7 13. Kh1 bxa4 14. Bxa4 Rfd8 15.
Be3 d5 16. exd5 Nxd5 17. Qc1 Nxe3 18. Qxe3 Nf6 19. Bb3 Nd5 20. Bxd5 Rxd5 21.
Rad1 Rad8 22. Qc1 Bd6 23. h3 Bc5 24. Nb3 Ba7 25. Rxd5 Bxd5 26. Ned4 Bb8 27. f4
e5 28. fxe5 Qxe5 29. Qf4 Qh5 30. Qf5 Qh4 31. Kg1 g6 32. Qf6 Qxf6 33. Rxf6 Bc4
34. Kf2 Ba7 35. Rf4 Re8 0-1

[Event "C.to Provinciale CO"]
[Site "San Fermo della Battaglia ITA"]
[Date "2003.03.30"]
[Round "2"]
[White "Laricini, Alberto"]
[Black "Daffra, Marco"]
[Result "0-1"]
[WhiteElo "1510"]
[BlackElo "1374"]
[PlyCount "110"]
[EventDate "2003.03.29"]

1. d4 g6 2. c4 Bg7 3. Nf3 Nf6 4. Nc3 O-O 5. e4 d6 6. h3 b6 7. Be3 Bb7 8. d5 c5
9. Be2 Na6 10. O-O Nc7 11. Qd2 Nd7 12. Bh6 a6 13. h4 f6 14. Nh2 Ne5 15. Bxg7
Kxg7 16. f4 Nf7 17. Qe3 e6 18. Qg3 Kh8 19. Bd3 Rg8 20. Rf3 Qe7 21. Qf2 Raf8 22.
Re1 Rg7 23. Kh1 Qd8 24. Rg1 f5 25. Re3 fxe4 26. Bxe4 e5 27. Rf3 Rfg8 28. Ng4
Ne8 29. Rf1 Qd7 30. fxe5 Nxe5 31. Nxe5 dxe5 32. Rf7 Rxf7 33. Qxf7 Qc8 34. Qe7
Qc7 35. Qxc7 Nxc7 36. Rf7 Rg7 37. Rxg7 Kxg7 38. Na4 b5 39. cxb5 axb5 40. Nxc5
Bxd5 41. Bxd5 Nxd5 42. Nd7 e4 43. Kg1 Kf7 44. Kf2 e3+ 45. Kf3 Ke6 46. Nf8+ Ke5
47. Nxh7 Kd4 48. Ng5 Kd3 49. Kg3 Kc2 50. Nf3 Kxb2 51. Ne5 Kxa2 52. Nxg6 b4 53.
h5 b3 54. h6 Nf6 55. Ne5 b2 0-1

[Event "C.to Provinciale CO"]
[Site "San Fermo della Battaglia ITA"]
[Date "2003.03.30"]
[Round "2"]
[White "Liscio, Giovanni"]
[Black "Emoroso, Claudio"]
[Result "0-1"]
[WhiteElo "1867"]
[BlackElo "1639"]
[PlyCount "92"]
[EventDate "2003.03.29"]

1. d4 d5 2. c4 dxc4 3. Nc3 e6 4. e3 Nf6 5. Bxc4 a6 6. Nf3 Nbd7 7. O-O c5 8. Qe2
b5 9. Bb3 c4 10. Bc2 Bb7 11. e4 Be7 12. a3 h6 13. h3 Qc7 14. Rd1 Rd8 15. Bb1
Nb6 16. Be3 g5 17. Ne5 Nbd7 18. f4 Nxe5 19. fxe5 Nd7 20. Bc2 Nf8 21. Rf1 Ng6
22. Rf2 h5 23. Raf1 Rh7 24. Rd1 Ba8 25. Qf3 Rd7 26. Qg3 g4 27. Qh2 g3 28. Qxg3
Bh4 29. Qf3 Bxf2+ 30. Bxf2 Qd8 31. Bg3 Rxd4 32. Re1 Rd2 33. Re2 Rxe2 34. Qxe2
Qg5 35. Qf2 h4 36. Qa7 hxg3 37. Qxa8+ Ke7 38. Qa7+ Kf8 39. Qd4 Nxe5 40. Ne2
Rxh3 41. Qd6+ Kg7 42. Qd4 Rh6 43. Qc3 Qh5 44. Nxg3 Qh2+ 45. Kf1 Rf6+ 46. Ke1
Nd3+ 0-1

[Event "C.to Provinciale CO"]
[Site "San Fermo della Battaglia ITA"]
[Date "2003.03.30"]
[Round "2"]
[White "Napoli, Ferdinando"]
[Black "Buccoliero, Alessandro"]
[Result "0-1"]
[WhiteElo "1678"]
[BlackElo "1879"]
[PlyCount "54"]
[EventDate "2003.03.29"]

1. e4 e6 2. d3 d5 3. Nd2 c5 4. Ngf3 Nc6 5. g3 Bd6 6. Bg2 Nge7 7. O-O d4 8. Nc4
b5 9. Nxd6+ Qxd6 10. e5 Qc7 11. Ng5 Bb7 12. f4 Nd8 13. Ne4 Bxe4 14. Bxe4 Rc8
15. Qf3 Ndc6 16. a3 h5 17. Bd2 g6 18. Rac1 Kf8 19. c4 bxc4 20. Rxc4 Qb6 21. b4
cxb4 22. Rfc1 b3 23. Rxc6 Nxc6 24. Rxc6 Rxc6 25. Bb4+ Qxb4 26. axb4 Rc1+ 27.
Kg2 b2 0-1

[Event "C.to Provinciale CO"]
[Site "San Fermo della Battaglia ITA"]
[Date "2003.03.30"]
[Round "2"]
[White "Pede, Lucio"]
[Black "Coppola, Guido"]
[Result "0-1"]
[WhiteElo "1651"]
[BlackElo "1803"]
[PlyCount "68"]
[EventDate "2003.03.29"]

1. e4 c5 2. Bc4 e6 3. Nc3 d6 4. Nf3 a6 5. a4 Nf6 6. O-O Nc6 7. d4 cxd4 8. Nxd4
Bd7 9. Bg5 Be7 10. f4 Qb6 11. e5 Nxd4 12. exf6 gxf6 13. Qh5 fxg5 14. fxg5 O-O-O
15. Kh1 Rdf8 16. Rxf7 Rxf7 17. Qxf7 Qd8 18. Qf2 Nc6 19. b4 Rf8 20. Qe2 Nd4 21.
Qd3 e5 22. Nd5 Bf5 23. Qc3 Kb8 24. b5 a5 25. b6 Nc6 26. Rb1 Be4 27. Nc7 Rf2 28.
Bd5 Qf8 29. Rg1 Bxd5 30. Nxd5 Bxg5 31. Qh3 Qf7 32. Nc7 Bd8 33. Nb5 Rf1 34. Nxd6
Rxg1+ 0-1

[Event "C.to Provinciale CO"]
[Site "San Fermo della Battaglia ITA"]
[Date "2003.03.30"]
[Round "2"]
[White "Revinelli, Sergio"]
[Black "Rossi, Giampiero"]
[Result "1/2-1/2"]
[WhiteElo "1735"]
[BlackElo "2056"]
[PlyCount "77"]
[EventDate "2003.03.29"]

1. e4 c5 2. Nf3 e6 3. d4 cxd4 4. Nxd4 a6 5. c4 Nf6 6. Nc3 Qc7 7. Be2 Be7 8. O-O
O-O 9. Be3 d6 10. Rc1 Nbd7 11. f4 b6 12. Bf3 Bb7 13. Qe2 Rfc8 14. b3 Rab8 15.
Kh1 Bf8 16. Nc2 b5 17. Nb4 bxc4 18. Na4 d5 19. e5 Bxb4 20. exf6 gxf6 21. bxc4
dxc4 22. Bh5 f5 23. Bd4 Be4 24. Qf2 f6 25. Qh4 Rf8 26. Nc3 Bxc3 27. Rxc3 Bd3
28. Qg3+ Kh8 29. Qxd3 Qa5 30. Qxc4 e5 31. fxe5 fxe5 32. Qc7 Qb5 33. Bxe5+ Nxe5
34. Rfc1 Nd3 35. Rxd3 Qxd3 36. Qe5+ Kg8 37. Qe6+ Kh8 38. Qe5+ Kg8 39. Qe6+
1/2-1/2

[Event "C.to Provinciale CO"]
[Site "San Fermo della Battaglia ITA"]
[Date "2003.03.30"]
[Round "3"]
[White "Alessandro, Sergio"]
[Black "Di Paola, Antonio"]
[Result "1-0"]
[WhiteElo "1467"]
[BlackElo "1377"]
[PlyCount "67"]
[EventDate "2003.03.29"]

1. d4 d5 2. Nf3 e6 3. g3 Nf6 4. Bg2 c5 5. O-O Nc6 6. c3 Be7 7. Bg5 O-O 8. Bxf6
Bxf6 9. dxc5 b6 10. cxb6 Qxb6 11. Qb3 Rb8 12. Nbd2 Ba6 13. Rfe1 Na5 14. Qa3
Rfc8 15. e4 Nc4 16. Nxc4 Bxc4 17. e5 Bd8 18. b4 Be7 19. Qb2 a5 20. a3 a4 21.
Rac1 Bb5 22. Nd4 g6 23. Qd2 Bf8 24. Qf4 Rc7 25. h4 h6 26. Bxd5 exd5 27. e6 Rbc8
28. Qf6 Bg7 29. exf7+ Rxf7 30. Qxb6 Bc4 31. Qxg6 Rf6 32. Re8+ Rxe8 33. Qxe8+
Kh7 34. Qxa4 1-0

[Event "C.to Provinciale CO"]
[Site "San Fermo della Battaglia ITA"]
[Date "2003.03.30"]
[Round "3"]
[White "Buccoliero, Alessandro"]
[Black "Orsenigo, Davide"]
[Result "1-0"]
[WhiteElo "1879"]
[BlackElo "1726"]
[PlyCount "47"]
[EventDate "2003.03.29"]

1. d4 Nf6 2. Nf3 g6 3. c4 c5 4. e3 Bg7 5. Be2 O-O 6. O-O d6 7. Nc3 a6 8. b3
Nbd7 9. Bb2 Ne8 10. Qd2 Nc7 11. Rad1 Rb8 12. a4 b5 13. axb5 axb5 14. cxb5 Bb7
15. d5 Nf6 16. e4 Qd7 17. Ra1 Ra8 18. Bd3 Rxa1 19. Rxa1 Ra8 20. Rxa8+ Bxa8 21.
b6 Nce8 22. Na4 Qb7 23. Qa5 Nd7 24. Bb5 1-0

[Event "C.to Provinciale CO"]
[Site "San Fermo della Battaglia ITA"]
[Date "2003.03.30"]
[Round "3"]
[White "Coppola, Guido"]
[Black "Emoroso, Claudio"]
[Result "1-0"]
[WhiteElo "1803"]
[BlackElo "1639"]
[PlyCount "135"]
[EventDate "2003.03.29"]

1. e4 e5 2. Nf3 Nc6 3. d4 exd4 4. Bc4 Be7 5. Nxd4 Ne5 6. Be2 d6 7. Nc3 a6 8.
Be3 Bd7 9. Nd5 h6 10. f3 Nf6 11. Nxe7 Qxe7 12. Qd2 Nc6 13. O-O-O Nxd4 14. Bxd4
Be6 15. Kb1 Rd8 16. Rhe1 O-O 17. g4 d5 18. e5 Nh7 19. f4 c5 20. Bf2 d4 21. h4
Qd7 22. f5 Bd5 23. f6 gxf6 24. Qxh6 fxe5 25. Bd3 e4 26. Bxe4 Bxe4 27. Rxe4 Rfe8
28. Rf4 Qe6 29. Qxe6 Rxe6 30. g5 Rde8 31. b3 Re4 32. Rf3 b5 33. Rf1 Re2 34. Rf5
R8e5 35. Bg3 Rxf5 36. Rxf5 c4 37. Re5 Rxe5 38. Bxe5 d3 39. cxd3 cxd3 40. Kc1
Nf8 41. Kd2 Ng6 42. Bg3 Kg7 43. h5 Nf8 44. Be5+ Kh7 45. Bf4 Kg7 46. Kxd3 f6 47.
h6+ Kg6 48. gxf6 Kxf6 49. Ke4 Ke6 50. Kd4 Kd7 51. Kd5 Nh7 52. Kc5 Nf6 53. Be5
Nh7 54. Kb6 Nf8 55. Kxa6 Kc6 56. Bg7 Nh7 57. Ka5 Ng5 58. b4 Nh7 59. a4 bxa4 60.
Kxa4 Kb6 61. Bd4+ Ka6 62. b5+ Kb7 63. Kb4 Nf8 64. Kc4 Kc7 65. Kd5 Kd7 66. Be5
Nh7 67. b6 Kc8 68. Kc6 1-0

[Event "C.to Provinciale CO"]
[Site "San Fermo della Battaglia ITA"]
[Date "2003.03.30"]
[Round "3"]
[White "Corti, Filippo"]
[Black "Bernasconi, Roberto"]
[Result "0-1"]
[WhiteElo "1552"]
[BlackElo "1753"]
[PlyCount "118"]
[EventDate "2003.03.29"]

1. Nf3 d5 2. g3 Nf6 3. Bg2 c5 4. d3 Nc6 5. O-O e5 6. Nbd2 Be7 7. e4 d4 8. Nc4
Nd7 9. a4 g5 10. Ne1 h5 11. f4 g4 12. fxe5 Ndxe5 13. Nxe5 Nxe5 14. Bf4 Bd6 15.
Qd2 f6 16. Rc1 Bd7 17. b3 Qe7 18. Rf2 O-O-O 19. c3 Kb8 20. cxd4 cxd4 21. Qd1
Be6 22. Rb1 Qf7 23. Bxe5 Bxe5 24. Rbb2 h4 25. gxh4 Rxh4 26. Bf1 Rdh8 27. Qe2 g3
28. Rg2 Rxh2 29. Rxh2 Rxh2 30. Bg2 Bh3 31. Qh5 Bc7 32. Qc5 Bg4 33. a5 f5 34.
Rc2 f4 35. Nf3 Bxf3 36. Bxf3 Rxc2 37. Qxc2 Bxa5 38. Bg4 Bc3 39. Bf3 Be1 40. Qc5
Bf2+ 41. Kf1 a6 42. Qe5+ Ka8 43. Qc5 Qxb3 44. Qc8+ Ka7 45. Qc5+ Qb6 46. Qc1 Qb5
47. Qd1 a5 48. Kg2 a4 49. e5 Qxe5 50. Qxa4+ Kb6 51. Qb4+ Qb5 52. Qxb5+ Kxb5 53.
Bxb7 Kb4 54. Be4 Kc3 55. Kf3 Be3 56. Kg2 Kd2 57. Kf3 Ke1 58. Kg2 Ke2 59. Bf5
f3+ 0-1

[Event "C.to Provinciale CO"]
[Site "San Fermo della Battaglia ITA"]
[Date "2003.03.30"]
[Round "3"]
[White "Daffra, Marco"]
[Black "Liscio, Giovanni"]
[Result "0-1"]
[WhiteElo "1374"]
[BlackElo "1867"]
[PlyCount "120"]
[EventDate "2003.03.29"]

1. d4 Nf6 2. e3 d5 3. f4 Bg4 4. Be2 Bxe2 5. Nxe2 e6 6. O-O c5 7. c3 Be7 8. f5
O-O 9. b3 Nc6 10. Nd2 Qc7 11. a4 Bd6 12. h3 e5 13. Ba3 b6 14. c4 exd4 15. exd4
cxd4 16. cxd5 Nxd5 17. Bxd6 Qxd6 18. Ne4 Qe5 19. Qd3 Rfe8 20. N2g3 Ne3 21. Rf2
Nb4 22. Qd2 Nbd5 23. Qe1 Rac8 24. Raa2 Nc3 25. Nxc3 Qxg3 26. Ne2 Qe5 27. Qd2
Rcd8 28. Qd3 Nd5 29. Qxd4 Qxd4 30. Nxd4 Nc3 31. Rac2 Ne4 32. Nc6 Nxf2 33. Nxd8
Nxh3+ 34. gxh3 Rxd8 35. Rc7 Ra8 36. Kg2 f6 37. Kg3 g6 38. Kg4 Rd8 39. fxg6 hxg6
40. Rxa7 Rd4+ 41. Kg3 Rd3+ 42. Kg4 Rxb3 43. a5 bxa5 44. Rxa5 Kg7 45. h4 f5+ 46.
Kg5 Rg3+ 47. Kf4 Rg4+ 48. Kf3 Rxh4 49. Ra7+ Kf6 50. Ra6+ Kg5 51. Ra5 Rh3+ 52.
Kg2 Rb3 53. Kf2 Kg4 54. Ra4+ f4 55. Re4 Rb2+ 56. Kf1 Kf3 57. Re1 g5 58. Kg1 g4
59. Kh1 g3 60. Rg1 Rh2# 0-1

[Event "C.to Provinciale CO"]
[Site "San Fermo della Battaglia ITA"]
[Date "2003.03.30"]
[Round "3"]
[White "Gagliardi, Christian"]
[Black "Buonocore, Elio"]
[Result "1/2-1/2"]
[WhiteElo "2138"]
[BlackElo "2121"]
[PlyCount "33"]
[EventDate "2003.03.29"]

1. Nf3 f5 2. g3 Nf6 3. Bg2 g6 4. b3 Bg7 5. Bb2 O-O 6. O-O d6 7. d4 Qe8 8. c4 e6
9. Nbd2 Nc6 10. Re1 Nd8 11. Rc1 h6 12. c5 d5 13. Ne5 c6 14. f3 Nd7 15. Nd3 g5
16. e4 Qg6 17. e5 1/2-1/2